| 000 | 00785nam a22002057a 4500 | ||
|---|---|---|---|
| 005 | 2010072205365.0 | ||
| 010 | _aENG-96687 | ||
| 020 |
_a9789380388052 _c1095.00 |
||
| 035 | _aEN-80220 | ||
| 037 | _bDBAD/PUB | ||
| 082 | _a902.0722 | ||
| 100 |
_aBakshi, S.R. _9772 |
||
| 245 |
_aWorld history of the middle period 1500-1800 / _cby S.R. Bakshi |
||
| 260 |
_aNew Delhi _bD.P.S. Publishing House _c2010 |
||
| 270 |
_bNew Delhi _e110002 _aRoom No.213, 7/28, Mahavir street, Ansari Road, Darya Ganj, |
||
| 300 |
_a 353 p. _c23 cm (hb) |
||
| 500 | _aincludes bibliographical references and index | ||
| 942 |
_2ddc _cEN _mBAk _h902.0722 |
||
| 999 |
_c37247 _d37247 |
||